000 00351 a2200109 4500
001 ART_40321
005 20260410161740.0
008 260409a
245 1 0 _aLa indemnización del artículo 3 de la ley 26773 y los accidentes in itinere
100 1 _aFormaro, Juan J.
773 0 _tDoctrina laboral
_g- Nº 337 (sep. 2013)
_wREV4049
999 _c18710
_d18710